[Event "European Blitz 2017"]
[Site "Katowice POL"]
[Date "2017.12.15"]
[Round "19.4"]
[White "Ponkratov, Pavel"]
[Black "Navara, David"]
[Result "1/2-1/2"]
[WhiteTitle "GM"]
[BlackTitle "GM"]
[WhiteElo "2613"]
[BlackElo "2740"]
[WhiteFideId "4157800"]
[BlackFideId "309095"]
[EventDate "2017.12.15"]
[EventType "blitz"]

1. g3 e5 2. c4 c6 3. d4 e4 4. Nc3 d5 5. f3 exf3 6. Nxf3 Nf6 7. Bg5 dxc4 8. e4
Bg4 9. e5 h6 10. Bxf6 gxf6 11. Bxc4 Bg7 12. Qe2 Bxf3 13. Qxf3 Qxd4 14. exf6 Qxf6
15. Qe4+ Qe5 16. O-O O-O 17. Rxf7 Rxf7 18. Rf1 Qd4+ 19. Kh1 Qxe4+ 20. Nxe4 b5
21. Bb3 Na6 22. Rxf7 Kh8 23. Re7 c5 24. Nd6 c4 25. Bc2 Nb4 26. Be4 Rf8 27. Nxb5
Bxb2 28. Rxa7 c3 29. Rc7 Re8 30. Bg6 Re1+ 31. Kg2 c2 32. Bxc2 Re2+ 33. Kh3 Nxc2
34. a4 Ne3 35. a5 h5 36. Kh4 Rxh2+ 37. Kg5 Nd5 38. Rd7 Nf6 39. Rb7 Rg2 40. Nd6
Rxg3+ 41. Kf5 Rf3+ 42. Kg6 Rg3+ 43. Kf5 Bd4 44. a6 Rg7 45. Nf7+ Kg8 46. Nh6+ Kh7
47. Nf7 Nd5 48. Ng5+ Kh6 49. Nf7+ Kh7 50. Ng5+ Kh8 51. Nf7+ Kg8 52. Nh6+ Kh7 53.
Nf7 Be3 54. Ne5 Rxb7 55. axb7 Ne7+ 56. Ke6 Ba7 57. Kxe7 Bb8 58. Nc6 Bc7 59. Kd7
Bg3 60. Ke6 Bc7 61. Ne7 h4 62. Nd5 Bb8 63. Ne3 h3 64. Nf1 Kg6 65. Kd7 Kf5 66.
Kc8 Bd6 67. Kd7 Bf4 68. Kc8 Kg4 69. b8=Q Bxb8 70. Kxb8 Kf3 71. Nh2+ Kg3 72. Nf1+
Kg2 73. Ne3+ Kg1 1/2-1/2

[Event "European Blitz 2017"]
[Site "Katowice POL"]
[Date "2017.12.15"]
[Round "19.5"]
[White "Warakomski, Tomasz"]
[Black "McShane, Luke J"]
[Result "1/2-1/2"]
[WhiteTitle "GM"]
[BlackTitle "GM"]
[WhiteElo "2537"]
[BlackElo "2640"]
[WhiteFideId "1124552"]
[BlackFideId "404853"]
[EventDate "2017.12.15"]
[EventType "blitz"]

1. e4 e5 2. Nc3 Nf6 3. g3 d5 4. exd5 Nxd5 5. Bg2 Nxc3 6. bxc3 Nc6 7. Nf3 Bd6 8.
O-O O-O 9. d3 Bg4 10. Qe1 Qd7 11. Rb1 Rab8 12. Nd2 Bh3 13. Bxh3 Qxh3 14. Qe4
Rfe8 15. a4 Re6 16. Qg2 Qxg2+ 17. Kxg2 b6 18. Re1 f6 19. Nc4 Kf7 20. h4 Bf8 21.
Bd2 Ke7 22. Rb5 Kd7 23. h5 Rbe8 24. f3 Nd8 25. g4 Nb7 26. Be3 g6 27. hxg6 hxg6
28. Rh1 f5 29. Rh7+ Kc8 30. Bf2 Bd6 31. Rb1 e4 32. dxe4 fxe4 33. Nxd6+ Nxd6 34.
Bg3 exf3+ 35. Kxf3 Rf8+ 36. Kg2 Re2+ 37. Kg1 Rf3 38. Bxd6 cxd6 39. Rxa7 Rxc3 40.
Rf1 Rg3+ 41. Kh1 Re8 42. Ra8+ Kd7 43. Rf7+ Ke6 44. Rxe8+ Kxf7 45. Rb8 Rxg4 46.
Rxb6 Rxa4 47. Rxd6 Rc4 48. Rd2 Kf6 49. Kg2 Ke5 1/2-1/2

[Event "European Blitz 2017"]
[Site "Katowice POL"]
[Date "2017.12.15"]
[Round "19.6"]
[White "Bartel, Mateusz"]
[Black "Tomczak, Jacek"]
[Result "1/2-1/2"]
[WhiteTitle "GM"]
[BlackTitle "GM"]
[WhiteElo "2609"]
[BlackElo "2588"]
[WhiteFideId "1112635"]
[BlackFideId "1124668"]
[EventDate "2017.12.15"]
[EventType "blitz"]

1. f4 e5 2. e4 exf4 3. d4 Qh4+ 4. Ke2 Nc6 5. Nf3 Qe7 6. Kf2 Nf6 7. Nc3 Ng4+ 8.
Kg1 Ne3 9. Bxe3 fxe3 10. Nd5 Qd8 11. Nxe3 d6 12. Bc4 g6 13. h4 Bh6 14. Qd3 Nb4
15. Qb3 Bxe3+ 16. Qxe3 Nxc2 17. Qf4 Be6 18. d5 Bd7 19. Rc1 Nb4 20. e5 Qe7 21. h5
g5 22. exd6 gxf4 23. dxe7 Kxe7 24. Rh4 c6 25. dxc6 Nxc6 26. Rxf4 Be6 27. Re1
Rhg8 28. Rfe4 Raf8 29. Bxe6 fxe6 30. Rxe6+ Kd7 31. Kf2 Rf5 32. Rh6 Rg7 33. Re2
Kc7 34. Rc2 a5 35. a3 Kb6 36. Ke3 Re7+ 37. Kf2 Rg7 38. Rd2 Ka7 39. Ke3 Re7+ 40.
Kf2 Ne5 41. Rhd6 Ref7 42. R2d5 Nxf3 43. Rxf5 Rxf5 44. gxf3 Rxh5 45. Ke3 Kb8 46.
f4 Kc7 47. Rd2 Rh6 48. f5 Rd6 49. Rh2 h6 50. Ke4 Kd7 51. Rg2 Rb6 52. Ke5 Ke7 53.
Rg7+ Kf8 54. Rh7 Rxb2 55. Rxh6 Rb5+ 56. Kf4 Rb3 57. a4 Rb4+ 58. Ke5 Rxa4 59. Kf6
Kg8 60. Rg6+ Kf8 61. Rh6 Kg8 62. Rg6+ 1/2-1/2

[Event "European Blitz 2017"]
[Site "Katowice POL"]
[Date "2017.12.15"]
[Round "19.7"]
[White "Gajewski, Grzegorz"]
[Black "Bosiocic, Marin"]
[Result "1-0"]
[WhiteTitle "GM"]
[BlackTitle "GM"]
[WhiteElo "2601"]
[BlackElo "2624"]
[WhiteFideId "1116207"]
[BlackFideId "14507927"]
[EventDate "2017.12.15"]
[EventType "blitz"]

1. Nf3 d5 2. d4 e6 3. e3 Nf6 4. c4 b6 5. cxd5 exd5 6. Bb5+ c6 7. Bd3 Bd6 8. Nc3
O-O 9. O-O Re8 10. Re1 Ne4 11. Ne2 f5 12. Qc2 Bb7 13. Rb1 Nd7 14. b4 g5 15. Bb2
Bxb4 16. Red1 Bd6 17. Ng3 Qf6 18. a4 Re7 19. a5 h5 20. a6 Bxa6 21. Bxa6 h4 22.
Nf1 g4 23. Ne5 Nxe5 24. dxe5 Bxe5 25. Be2 Bxb2 26. Rxb2 Rd8 27. Rb3 Rg7 28. Rbd3
Rd6 29. Rd4 Qg5 30. Qb2 Rf6 31. Qa3 Kh7 32. R4d3 g3 33. fxg3 hxg3 34. hxg3 Nxg3
35. Bf3 Rh6 36. Nxg3 Qxg3 37. Qf8 Qg5 38. Kf2 Rh2 39. Rg1 Qh4+ 40. Ke2 Qg5 41.
Rd4 Re7 42. Rf4 d4 43. Qxf5+ Qxf5 44. Rxf5 Rxe3+ 45. Kf2 c5 46. Rf7+ Kg6 47.
Rxa7 Rh7 48. Ra6 Rb3 49. Rb1 Rc7 1-0

[Event "European Blitz 2017"]
[Site "Katowice POL"]
[Date "2017.12.15"]
[Round "19.8"]
[White "Aleksandrov, Aleksej"]
[Black "Stupak, Kirill"]
[Result "1-0"]
[WhiteTitle "GM"]
[BlackTitle "GM"]
[WhiteElo "2589"]
[BlackElo "2588"]
[WhiteFideId "13500139"]
[BlackFideId "13503758"]
[EventDate "2017.12.15"]
[EventType "blitz"]

1. d4 Nf6 2. c4 b6 3. Nc3 Bb7 4. f3 d5 5. cxd5 Nxd5 6. Nxd5 Qxd5 7. e4 Qd7 8.
Bc4 g6 9. Qb3 e6 10. Ne2 Nc6 11. Bd2 Bg7 12. d5 exd5 13. Bxd5 Nd4 14. Nxd4 Bxd5
15. exd5 Bxd4 16. O-O-O O-O 17. Bb4 c5 18. dxc6 Qxc6+ 19. Kb1 Rfd8 20. Rd3 Be5
21. Rc1 Qf6 22. Rxd8+ Rxd8 23. g3 Qf5+ 24. Ka1 a5 25. Bc3 Rd3 26. Qxb6 Bxc3 27.
bxc3 Rxf3 28. Qd8+ Kg7 29. Qd4+ Kh6 30. c4 Rd3 31. Qb2 Qc5 32. Qe2 Qd4+ 33. Qb2
Qc5 34. Qe2 Qd4+ 35. Qb2 Qe3 36. c5 Rd2 37. Qc3 Rd3 38. Qb2 Rd2 39. Qc3 Qe2 40.
a3 Rd3 41. Qb2 Qe3 42. Ka2 Qe6+ 43. Ka1 Qe3 44. Ka2 a4 45. Rc4 Rb3 46. Qc1 Qxc1
47. Rxc1 Rb7 48. Rc4 Rc7 49. Kb2 f5 50. Kc3 g5 51. Kb4 Kg6 52. Kb5 f4 53. gxf4
g4 54. c6 h5 55. Kb6 Rc8 56. Kb7 1-0

[Event "European Blitz 2017"]
[Site "Katowice POL"]
[Date "2017.12.15"]
[Round "19.9"]
[White "Moskalenko, Alexander"]
[Black "Jussupow, Artur"]
[Result "1-0"]
[WhiteTitle "IM"]
[BlackTitle "GM"]
[WhiteElo "2522"]
[BlackElo "2582"]
[WhiteFideId "4155351"]
[BlackFideId "4618777"]
[EventDate "2017.12.15"]
[EventType "blitz"]

1. Nf3 d5 2. e3 Nf6 3. c4 e6 4. b3 Be7 5. Bb2 O-O 6. Qc2 Nbd7 7. g4 b6 8. g5 Ne4
9. cxd5 exd5 10. Qc6 Rb8 11. Qxd5 Bb7 12. Qd4 f6 13. Be2 Kh8 14. h4 c5 15. Qd3
Qc7 16. Nc3 Ne5 17. Nxe5 Qxe5 18. f4 Qe6 19. Rh2 Rbd8 20. Qc4 Qd6 21. Nxe4 Bxe4
22. Qxe4 Qxd2+ 23. Kf1 Qxb2 24. Re1 Rd2 25. Qxe7 Rg8 26. Rg2 Qxa2 27. gxf6 1-0

[Event "European Blitz 2017"]
[Site "Katowice POL"]
[Date "2017.12.15"]
[Round "19.10"]
[White "Jaracz, Pawel"]
[Black "Jakubowski, Krzysztof"]
[Result "0-1"]
[WhiteTitle "GM"]
[BlackTitle "GM"]
[WhiteElo "2465"]
[BlackElo "2526"]
[WhiteFideId "1102222"]
[BlackFideId "1112848"]
[EventDate "2017.12.15"]
[EventType "blitz"]

1. Nf3 d5 2. e3 Nf6 3. c4 c6 4. Nc3 Nbd7 5. Qc2 e5 6. cxd5 Nxd5 7. a3 Bd6 8. Bc4
N7b6 9. Bd3 g6 10. h4 f5 11. Be2 Be6 12. b4 a5 13. bxa5 Rxa5 14. Bb2 Qe7 15. h5
g5 16. h6 g4 17. Nh4 O-O 18. Nxd5 cxd5 19. Bd3 Rc5 20. Qb3 Nc4 21. Bxc4 dxc4 22.
Qc3 Rb5 23. f4 Rb3 24. Qc2 exf4 25. g3 fxg3 26. Ng2 Bd5 27. Rg1 Qe4 28. Qc1 Qf3 0-1

[Event "European Blitz 2017"]
[Site "Katowice POL"]
[Date "2017.12.15"]
[Round "19.11"]
[White "Wojtaszek, Radoslaw"]
[Black "Mohr, Georg"]
[Result "1/2-1/2"]
[WhiteTitle "GM"]
[BlackTitle "GM"]
[WhiteElo "2736"]
[BlackElo "2473"]
[WhiteFideId "1118358"]
[BlackFideId "14600013"]
[EventDate "2017.12.15"]
[EventType "swiss"]

1. d4 Nf6 2. c4 e5 3. dxe5 Ng4 4. e3 Nxe5 5. Nh3 g6 6. Nc3 Bg7 7. Be2 a5 8. O-O
d6 9. Nf4 Na6 10. Bd2 O-O 11. Rc1 Nc5 12. Be1 Re8 13. f3 f5 14. Bf2 c6 15. Qd2
Qe7 16. b3 Nf7 17. Rfe1 Be5 18. Bf1 Ne6 19. Nd3 Bg7 20. f4 Qc7 21. e4 fxe4 22.
Nxe4 b6 23. f5 gxf5 24. Ng3 Nh6 25. Nh5 Bb7 26. Ndf4 Nxf4 27. Qxf4 Ng4 28. Nxg7
Qxg7 29. Bd4 Ne5 30. Rc3 Ng6 31. Qxd6 Qf8 32. Qxf8+ Rxf8 33. Bxb6 a4 34. b4 Rfe8
35. Rce3 Rxe3 36. Rxe3 Kf7 37. c5 Ba6 38. Bxa6 Rxa6 39. a3 Ne7 40. Rd3 Nd5 41.
b5 Ra8 42. bxc6 Ne7 43. c7 Rc8 44. Rd8 Ke6 45. Kf2 Ke5 1/2-1/2

[Event "European Blitz 2017"]
[Site "Katowice POL"]
[Date "2017.12.15"]
[Round "19.13"]
[White "Neiksans, Arturs"]
[Black "Brunello, Sabino"]
[Result "1/2-1/2"]
[WhiteTitle "GM"]
[BlackTitle "GM"]
[WhiteElo "2590"]
[BlackElo "2553"]
[WhiteFideId "11601388"]
[BlackFideId "813613"]
[EventDate "2017.12.15"]
[EventType "blitz"]

1. b3 g6 2. Bb2 Nf6 3. Nf3 Bg7 4. g3 O-O 5. Bg2 c5 6. c4 d6 7. O-O e5 8. Nc3 Nc6
9. d3 h6 10. Nd2 Be6 11. Nde4 Ne8 12. Nd5 f5 13. Nec3 g5 14. e3 Qd7 15. f4 exf4
16. exf4 g4 17. Qd2 Bd4+ 18. Kh1 Nf6 19. Nxf6+ Rxf6 20. Ne2 Bxb2 21. Qxb2 Rf7
22. d4 cxd4 23. Nxd4 Nxd4 24. Qxd4 Qc7 25. Rad1 Re8 26. Qxd6 Qxd6 27. Rxd6 Rfe7
28. Kg1 Kg7 29. Re1 Bf7 30. Rxe7 Rxe7 31. Kf2 b6 32. Bf1 h5 33. h4 Be6 34. Bd3
Kf7 35. Rd8 Kg7 36. Bf1 Bf7 37. Bg2 Be6 38. Rd6 Kf7 39. Bc6 Kg7 40. Rd2 Rc7 41.
Bg2 Re7 42. Re2 Kf6 43. Ke1 a6 44. Kd2 b5 45. c5 b4 46. c6 a5 47. Re5 Ra7 48.
Kc2 a4 49. Kb2 axb3 50. axb3 Ra3 51. Bd5 Bxd5 52. Rxd5 Ra8 53. Rc5 Rc8 54. c7
Ke6 55. Kc2 Kd6 56. Rc4 Rxc7 57. Rxc7 Kxc7 58. Kd3 Kd6 59. Kd4 Kc6 60. Kc4 Kd6
61. Kxb4 Kd5 62. Kc3 Ke4 63. b4 Kf3 64. b5 Kxg3 65. b6 Kh2 66. b7 g3 67. b8=Q g2
68. Qg8 g1=Q 69. Qxg1+ Kxg1 70. Kd4 Kf2 71. Ke5 Kg3 72. Kxf5 Kxh4 73. Kg6 Kg3
74. f5 h4 75. f6 h3 1/2-1/2

[Event "European Blitz 2017"]
[Site "Katowice POL"]
[Date "2017.12.15"]
[Round "19.14"]
[White "Plat, Vojtech"]
[Black "Valsecchi, Alessio"]
[Result "1-0"]
[WhiteTitle "GM"]
[BlackTitle "IM"]
[WhiteElo "2567"]
[BlackElo "2501"]
[WhiteFideId "325740"]
[BlackFideId "818860"]
[EventDate "2017.12.15"]
[EventType "blitz"]

1. e4 c5 2. Nf3 e6 3. c3 d5 4. exd5 exd5 5. d4 Nc6 6. Bb5 Nf6 7. O-O a6 8. Re1+
Be6 9. Bxc6+ bxc6 10. Ng5 Qd7 11. Qe2 cxd4 12. cxd4 Bd6 13. Nxe6 fxe6 14. Nc3
Kf7 15. Bg5 Rhe8 16. Bxf6 gxf6 17. Qg4 Rg8 18. Qh5+ Kf8 19. Qh6+ Kf7 20. Qxh7+
Rg7 21. Qh5+ Kg8 22. Re3 Qf7 23. Qxf7+ Kxf7 24. g3 Rb8 25. b3 Rg4 26. Ne2 e5 27.
dxe5 fxe5 28. Rc1 c5 29. Rd3 Ke6 30. f3 Rg7 31. Nc3 d4 32. Ne4 Rc7 33. Nd2 Rh8
34. Nc4 Rch7 35. Rc2 Bc7 36. Re2 Kd5 37. Rd1 a5 38. Nb2 Rf7 39. Kg2 Rhf8 40. Rf1
Kc6 41. Nd3 Kd5 42. h4 Bd6 43. g4 a4 44. h5 axb3 45. axb3 Rb7 46. Nc1 Be7 47.
Rh1 Bg5 48. Nd3 Be3 49. Rb2 e4 50. fxe4+ Kd6 51. Rf1 Rg8 52. Kh3 Rbg7 53. e5+
Kd5 54. Rc2 Rxg4 55. Rxc5+ Ke6 56. Rf6+ Kd7 57. Rd6+ Ke7 58. Rc7+ Ke8 59. Rc8+
Ke7 60. Rxg8 Rxg8 61. h6 Rh8 62. Kg4 Rxh6 63. Rxh6 Bxh6 64. Kf5 Bd2 65. Ke4 Bc3
66. Nf4 Bb2 67. Nd3 Bc3 68. b4 Kd7 69. b5 Kc7 70. Kd5 Kb6 71. e6 Kc7 72. b6+ 1-0

[Event "European Blitz 2017"]
[Site "Katowice POL"]
[Date "2017.12.15"]
[Round "19.15"]
[White "Piorun, Kacper"]
[Black "Georgiev, Kiril"]
[Result "1-0"]
[WhiteTitle "GM"]
[BlackTitle "GM"]
[WhiteElo "2651"]
[BlackElo "2623"]
[WhiteFideId "1130420"]
[BlackFideId "2900017"]
[EventDate "2017.12.15"]
[EventType "blitz"]

1. e4 e5 2. Nf3 Nc6 3. Bb5 Nf6 4. d3 Bc5 5. Bxc6 dxc6 6. Nbd2 Be6 7. Nb3 Bb6 8.
O-O Qd6 9. Be3 Nd7 10. Ng5 O-O 11. Nxe6 Qxe6 12. Bd2 f5 13. exf5 Rxf5 14. Qe2
Raf8 15. Be3 Qg6 16. Bxb6 axb6 17. Nd2 Nc5 18. Ne4 Ne6 19. Ng3 Nd4 20. Qe4 R5f6
21. c3 Nb5 22. Qxg6 Rxg6 23. Rfe1 Re6 24. Re3 Rfe8 25. Ne4 h6 26. Rae1 Kf7 27.
Kf1 Nd6 28. Ng3 c5 29. Ke2 g6 30. Kd2 R6e7 31. Kc2 Kf6 32. Rf3+ Kg7 33. a4 Re6
34. Rfe3 R6e7 35. f3 Re6 36. Ra1 Nf5 37. Re4 Nd6 38. Re2 Nf5 39. Ne4 Nd6 40. Nd2
Ra8 41. Ree1 Kf7 42. b3 Kf6 43. Kb2 Ree8 44. Re3 Nf5 45. Re2 Nd6 46. Rae1 Re7
47. Ne4+ Kf7 48. Nf2 Rae8 49. Ng4 h5 50. Nxe5+ Kg7 51. f4 Nf5 52. g3 Nd6 53. Kc2
Nf5 54. Kd2 Nd6 55. Nf3 Rxe2+ 56. Rxe2 Rxe2+ 57. Kxe2 Kf6 58. Ke3 Nf5+ 59. Kf2
Ne7 60. Nd2 Nd5 61. Ne4+ Kf5 62. Kf3 Ke6 63. h3 Kf5 64. g4+ hxg4+ 65. hxg4+ Ke6
66. c4 Nb4 67. Nf2 Nc2 68. Ke4 Nd4 69. b4 Nb3 70. b5 Nd2+ 71. Ke3 Nb3 72. Ne4
Nd4 73. Nd2 Nc2+ 74. Ke4 Nd4 75. Nf3 Ne2 76. Nh4 Kf6 77. g5+ Kf7 78. f5 Nc3+ 79.
Ke5 gxf5 80. g6+ Kg7 81. Kxf5 Nxa4 82. Kg5 Nb2 83. Nf5+ Kg8 84. Kf6 Nxd3 85.
Ne7+ Kf8 86. g7+ Ke8 87. g8=Q+ Kd7 88. Qd5+ 1-0

[Event "European Blitz 2017"]
[Site "Katowice POL"]
[Date "2017.12.15"]
[Round "19.16"]
[White "Rocha, Sergio"]
[Black "Pavlidis, Antonios"]
[Result "0-1"]
[WhiteTitle "IM"]
[BlackTitle "GM"]
[WhiteElo "2370"]
[BlackElo "2539"]
[WhiteFideId "1900404"]
[BlackFideId "4212312"]
[EventDate "2017.12.15"]
[EventType "blitz"]

1. Nf3 Nf6 2. c4 g6 3. Nc3 Bg7 4. d4 O-O 5. Bg5 d6 6. e3 c5 7. h3 Nc6 8. d5 Na5
9. Qc2 a6 10. Be2 Bf5 11. e4 Bd7 12. O-O b5 13. cxb5 axb5 14. Nxb5 Qb6 15. a4
Rfb8 16. Rab1 Qd8 17. b4 Nb7 18. Be3 Nxe4 19. Qxe4 Bf5 20. Qf4 Bxb1 21. Rxb1
Rxa4 22. Ng5 Qe8 23. Qh4 h6 24. Ne4 g5 25. Qg3 Rxb4 26. Rxb4 cxb4 27. Nd4 b3 28.
Nxb3 f5 29. Nxg5 hxg5 30. Qxg5 Qf8 31. Nd4 Qf6 32. Qh5 f4 33. Nc6 fxe3 34. Nxb8
Qxf2+ 35. Kh1 Qe1+ 36. Kh2 Be5+ 0-1

[Event "European Blitz 2017"]
[Site "Katowice POL"]
[Date "2017.12.15"]
[Round "19.17"]
[White "Heberla, Bartlomiej"]
[Black "Dvirnyy, Danyyil"]
[Result "1-0"]
[WhiteTitle "GM"]
[BlackTitle "GM"]
[WhiteElo "2555"]
[BlackElo "2532"]
[WhiteFideId "1115120"]
[BlackFideId "817570"]
[EventDate "2017.12.15"]
[EventType "blitz"]

1. e4 c6 2. c4 d5 3. cxd5 cxd5 4. e5 Nc6 5. d4 Bf5 6. Bd3 Bxd3 7. Qxd3 e6 8. Nf3
Nge7 9. Nc3 Rc8 10. O-O Nf5 11. Be3 Be7 12. g4 Nh4 13. Nxh4 Bxh4 14. f4 O-O 15.
Rf3 f5 16. g5 h6 17. gxh6 g6 18. Rh3 Kh7 19. Kh1 a6 20. Rg1 Rg8 21. Qe2 Be7 22.
Rhg3 Bh4 23. Rh3 Be7 24. Qg2 Qe8 25. Bf2 b5 26. Nb1 Na5 27. Be1 Nc4 28. b3 Nb6
29. Nd2 Rc2 30. Qe2 Rxa2 31. Qd3 Qc6 32. Bh4 Bxh4 33. Rxh4 Qc2 34. Qxc2 Rxc2 35.
Nf3 Rc6 36. Ng5+ Kh8 37. Nf7+ Kh7 38. Ng5+ Kh8 39. Ra1 Nd7 40. Rh3 Re8 41. Rg3
Nf8 42. Rgg1 Rec8 43. b4 Rb6 44. Rgc1 Rc4 45. Nf7+ Kh7 46. Nd6 Kxh6 47. Nxc4
dxc4 48. Rc3 Nd7 49. Rca3 Nb8 50. Rg1 Rb7 51. Rh3+ Kg7 52. Rhg3 Kf8 53. Rxg6 Ke8
54. Rg8+ Kd7 55. R1g7+ Kc6 56. d5+ exd5 57. Rxb7 Kxb7 58. e6 Nc6 59. Rg7+ Kc8
60. h4 c3 61. h5 c2 62. Rg1 d4 63. h6 Ne7 64. h7 Ng6 65. Kh2 d3 66. Rxg6 c1=Q 1-0

[Event "European Blitz 2017"]
[Site "Katowice POL"]
[Date "2017.12.15"]
[Round "19.18"]
[White "Ragger, Markus"]
[Black "Fedorov, Alexei"]
[Result "1/2-1/2"]
[WhiteTitle "GM"]
[BlackTitle "GM"]
[WhiteElo "2657"]
[BlackElo "2573"]
[WhiteFideId "1610856"]
[BlackFideId "13500465"]
[EventDate "2017.12.15"]
[EventType "blitz"]

1. e4 c5 2. Nf3 Nc6 3. Bb5 e6 4. O-O Nge7 5. Re1 Nd4 6. Nxd4 cxd4 7. c3 a6 8.
Bf1 Nc6 9. a4 Bc5 10. b4 Bb6 11. Na3 O-O 12. Nc4 Bc7 13. cxd4 d5 14. exd5 Qxd5
15. Ba3 Nxd4 16. b5 Rd8 17. b6 Bb8 18. Ne3 Qg5 19. Rc1 Bd7 20. Rc5 e5 21. Bb2
Bc6 22. Bxd4 Rxd4 23. a5 Bd6 24. Rc4 Rd8 25. Rxd4 exd4 26. Nc4 Bb8 27. Qe2 d3
28. Qe7 Qxe7 29. Rxe7 Kf8 30. Re3 Bb5 31. Rxd3 Rxd3 32. Bxd3 Bxc4 33. Bxc4 Bd6
34. Bd5 Bb4 35. Bxb7 Bxa5 36. Bxa6 Bxb6 37. Kf1 Ke7 38. Ke2 g5 39. f3 h5 40. Bc8
h4 41. Kd3 Bc7 42. h3 Bf4 43. Kc3 Kd6 44. d3 f6 45. Kd4 Be5+ 46. Ke4 Kc5 47. Bd7
Kd6 48. d4 Bg3 49. Ba4 Bf2 50. Bb3 Bg1 51. d5 Bh2 52. Kf5 Ke7 53. Bc2 Bd6 54.
Be4 Be5 55. Bd3 Bd6 56. Ke4 1/2-1/2

[Event "European Blitz 2017"]
[Site "Katowice POL"]
[Date "2017.12.15"]
[Round "19.19"]
[White "Buhmann, Rainer"]
[Black "Fedorchuk, Sergey A."]
[Result "1-0"]
[WhiteTitle "GM"]
[BlackTitle "GM"]
[WhiteElo "2584"]
[BlackElo "2648"]
[WhiteFideId "4651340"]
[BlackFideId "14102536"]
[EventDate "2017.12.15"]
[EventType "blitz"]

1. e4 c5 2. Nf3 e6 3. d4 cxd4 4. Nxd4 a6 5. g3 d6 6. Bg2 Nc6 7. O-O Bd7 8. c4
Nf6 9. Nc3 Be7 10. Be3 O-O 11. Rc1 Re8 12. b3 Nxd4 13. Qxd4 Bc6 14. Rfd1 Nd7 15.
Qd2 Ne5 16. h3 h6 17. Kh2 Rc8 18. f4 Nd7 19. Qf2 b5 20. cxb5 axb5 21. b4 Bf8 22.
a3 Ra8 23. Ne2 Bb7 24. Nd4 Nf6 25. Nxb5 Nxe4 26. Qc2 Rc8 27. Qd3 Rxc1 28. Rxc1
f5 29. a4 Re7 30. a5 Rd7 31. Nd4 Bd5 32. Nxf5 Qa8 33. Nd4 Nf2 34. Bxf2 Bxg2 35.
Nxe6 Be4 36. Qe2 Bf5 37. g4 Be4 38. Nc7 Qb7 39. a6 Qxb4 40. a7 Qa4 41. Qc4+ Qxc4
42. Rxc4 Bb7 43. Rb4 Rxc7 44. Rxb7 Rc2 45. a8=Q 1-0

[Event "European Blitz 2017"]
[Site "Katowice POL"]
[Date "2017.12.15"]
[Round "19.20"]
[White "Fridman, Daniel"]
[Black "Pultinevicius, Paulius"]
[Result "1-0"]
[WhiteTitle "GM"]
[BlackTitle "IM"]
[WhiteElo "2633"]
[BlackElo "2371"]
[WhiteFideId "11600454"]
[BlackFideId "12809390"]
[EventDate "2017.12.15"]
[EventType "blitz"]

1. d4 Nf6 2. Nf3 g6 3. g3 Bg7 4. Bg2 O-O 5. O-O d5 6. c4 dxc4 7. Na3 c3 8. bxc3
c5 9. Re1 Nc6 10. e4 Bg4 11. Nc2 cxd4 12. cxd4 Nd7 13. Rb1 Nb6 14. Bb2 Qd7 15.
d5 Ne5 16. Nxe5 Bxe5 17. Qd3 Bxb2 18. Rxb2 Bh3 19. Bxh3 Qxh3 20. Qd4 Rac8 21.
Ne3 Qd7 22. e5 Rfd8 23. Rd1 Qh3 24. Rb4 Qh5 25. Kg2 Rd7 26. Qb2 Rcd8 27. Rh4
Qxd1 28. Nxd1 Rxd5 29. Ne3 Rd2 30. Qa3 Re2 31. Qxe7 Rdd2 32. Rf4 1-0

[Event "European Blitz 2017"]
[Site "Katowice POL"]
[Date "2017.12.15"]
[Round "19.21"]
[White "Kislinsky, Alexey"]
[Black "Rodshtein, Maxim"]
[Result "1-0"]
[WhiteTitle "GM"]
[BlackTitle "GM"]
[WhiteElo "2513"]
[BlackElo "2699"]
[WhiteFideId "14108801"]
[BlackFideId "2806851"]
[EventDate "2017.12.15"]
[EventType "blitz"]

1. e4 c6 2. d4 d5 3. exd5 cxd5 4. c4 Nf6 5. Nc3 e6 6. Nf3 Bb4 7. cxd5 Nxd5 8.
Bd2 Nc6 9. Bd3 Be7 10. a3 O-O 11. h4 Nf6 12. Bg5 g6 13. Qc2 Nd5 14. Bh6 Re8 15.
h5 f5 16. hxg6 hxg6 17. O-O-O Bf6 18. Bc4 Na5 19. Ba2 Nxc3 20. Qxc3 Bd7 21. Kb1
Rc8 22. Qe3 Qb6 23. Ne5 Ba4 24. Qg3 Bc2+ 25. Ka1 f4 26. Qg4 Bf5 27. Qxf4 Rc2 28.
Rb1 Nb3+ 29. Bxb3 Qxb3 30. Rh3 Qd5 31. g4 Bxe5 32. dxe5 Qe4 33. gxf5 1-0

[Event "European Blitz 2017"]
[Site "Katowice POL"]
[Date "2017.12.15"]
[Round "19.22"]
[White "Mastrovasilis, Dimitrios"]
[Black "Zorko, Jure"]
[Result "0-1"]
[WhiteTitle "GM"]
[BlackTitle "IM"]
[WhiteElo "2582"]
[BlackElo "2457"]
[WhiteFideId "4202694"]
[BlackFideId "14604051"]
[EventDate "2017.12.15"]
[EventType "blitz"]

1. e4 e5 2. Nf3 Nc6 3. Bb5 Nf6 4. d3 Bc5 5. Nc3 d6 6. Na4 Bb6 7. c3 Bd7 8. Nxb6
axb6 9. Ba4 Ne7 10. Bc2 Ng6 11. O-O h6 12. Re1 O-O 13. h3 b5 14. d4 Re8 15. Be3
Qc8 16. Nh2 c5 17. dxc5 dxc5 18. Qd6 c4 19. Qc5 Bc6 20. f3 Nh5 21. Ng4 Nhf4 22.
Red1 h5 23. Nf2 Qe6 24. Qd6 Qc8 25. Rd2 Re6 26. Qc5 Kh7 27. a3 Qh8 28. Rad1 Rae8
29. Rd6 Rxd6 30. Rxd6 Qf8 31. Rd2 Qxc5 32. Bxc5 f6 33. Nd1 Ne6 34. Bb6 h4 35.
Ne3 Ngf4 36. Nf5 g5 37. Kf2 Ng7 38. Ne3 Kg6 39. a4 bxa4 40. Nxc4 Nge6 41. Na5
Ra8 42. Nxc6 bxc6 43. Bb1 Rb8 44. Be3 a3 45. b4 c5 46. Ba2 cxb4 47. cxb4 Rxb4
48. Bd5 Rb2 49. Bc4 Nd4 50. Rxb2 axb2 51. Ba2 Nd3+ 52. Kf1 Nb5 53. Bb1 Nf4 54.
Bd2 Na3 55. Ba2 b1=Q+ 56. Bxb1 Nxb1 57. Bb4 Nd3 58. Bd6 Nc3 59. Be7 Nf4 60. Kf2
Kf7 61. Bb4 Nb5 62. Ba5 Nd4 63. Bd2 Ke6 64. Kf1 f5 65. exf5+ Kxf5 66. Bb4 Nd5
67. Bd2 Ne6 68. Kf2 Nf6 69. Bc1 Nf4 70. Ba3 e4 71. fxe4+ Nxe4+ 72. Kg1 Ke5 73.
Be7 Kd4 74. Kh2 Ke3 75. Kg1 Ne2+ 76. Kf1 N2g3+ 77. Kg1 Ke2 78. Bd8 Ke1 79. Ba5+
Nd2 80. Bd8 Ne2+ 81. Kh2 Ne4 82. Ba5+ Kf1 83. Bb6 Nf4 84. Bd8 Nxg2 85. Kh1 Ne1
86. Kh2 Nf3+ 0-1

[Event "European Blitz 2017"]
[Site "Katowice POL"]
[Date "2017.12.15"]
[Round "19.23"]
[White "Schneider, Ilja"]
[Black "Moranda, Wojciech"]
[Result "0-1"]
[WhiteTitle "IM"]
[BlackTitle "GM"]
[WhiteElo "2517"]
[BlackElo "2593"]
[WhiteFideId "4663306"]
[BlackFideId "1122401"]
[EventDate "2017.12.15"]
[EventType "blitz"]

1. e4 c5 2. c3 d5 3. exd5 Qxd5 4. Nf3 Nf6 5. Na3 e6 6. Be2 Be7 7. d4 cxd4 8. Nb5
Na6 9. Qxd4 O-O 10. O-O b6 11. Qxd5 Nxd5 12. Nfd4 Bb7 13. Bf3 Rfc8 14. Rd1 Nc5
15. c4 Nf6 16. b3 a6 17. Nc3 Bxf3 18. Nxf3 b5 19. cxb5 axb5 20. Be3 b4 21. Ne2
Nce4 22. Nd2 Nc3 23. Nxc3 bxc3 24. Nc4 Nd5 25. Bd4 Bf6 26. Bxf6 gxf6 27. Rdc1
Ra6 28. Kf1 Rca8 29. a4 Rb8 30. Rab1 Ra7 31. Ne3 Rc7 32. a5 Nf4 33. Nc4 Nd5 34.
g3 Rcb7 35. a6 Ra7 0-1